00250pam a2200109 a 4500020000500000041000800005082001600013100001700029245004600046260003800092300001000130 c aeng a530.3bPIT  aPitt , V.H . aDictionary of Physics hTextual Documents aNew YorkbPenguin Books Ltdc1984 a428p.